The Strokes Lyrics - At The Door - Statistics

General Stats
  • This quiz has been taken 61 times
  • The average score is 166 of 236
Answer Stats
Lyrics % Correct
a
100%
A
100%
at
100%
do
100%
I
100%
the
100%
door
97%
an
94%
I'm
94%
me
94%
can't
91%
it
91%
Like
91%
like
91%
you
91%
You
91%
go
88%
No
88%
out
88%
this
88%
boy
84%
in
84%
In
84%
just
84%
of
84%
time
84%
What
84%
what
84%
all?
81%
Anyone
81%
gonna
81%
home?
81%
make
81%
never
81%
not
81%
to
81%
your
81%
escape
78%
for?
78%
for
78%
My
78%
be
75%
guess
75%
lonely
75%
Lonely
75%
lost
75%
Struck
75%
that's
75%
That's
75%
chord
72%
Have
72%
there
72%
fine
69%
Right
69%
see
69%
So
69%
And
66%
bang
66%
front
66%
mess
66%
runnin'
66%
such
66%
they
66%
Use
66%
use
66%
fight
63%
get
63%
many
63%
oar
63%
we
63%
before
59%
don't
59%
know
59%
on
59%
times
59%
yet
59%
yourself
59%
end,
56%
little
56%
quite
56%
wall
56%
cannonball
53%
Holding
53%
through
53%
begged
50%
fightin'
50%
shore
50%
thoughts,
50%
wanna
50%
beyond
47%
I'll
44%
saw
44%
Sinkin'
44%
stone
44%
their
44%
Bangin'
41%
game
41%
Hard
41%
they're
41%
'til
41%
But
38%
face,
38%
from
34%
other
34%
Slammin'
34%
waiting,
34%
waiting
34%
Waiting
34%
side
31%
afterlife
28%
been
28%
build
28%
dynasty
28%
tryna
28%
rise
25%
I've
22%
tide
22%
yeah
22%
cold
19%
knife
19%
Arrive
9%
road
0%
No matching quizzes found
Score Distribution
Percent of People with Each Score
Percentile by Number Answered
Your Score History
You have not taken this quiz